000 00236nam a2200097Ia 4500
001 643087
005 20250826153539.0
008 250824s9999 xx 000 0 und d
245 0 _aSOKAKLARIN PRENSESİ ŞİMA
_cCANAN TAN
260 _bDOĞAN
999 _c643087
_d643087